000 00325nam a2200133Ia 4500
008 151001s9999||||xx |||||||||||||| ||und||
100 _aव पु काळे
245 _aरात्र नको चांदणी
250 _a1
260 _bवि.र.बाम
260 _c1962
300 _a78
365 _b18
999 _c957538
_d957535